Music Quiz

Random Music or Food Quiz

Musical Instrument Cakes Quiz Stats

 Plays Quiz Updated Aug 22, 2016

Challenge
Share
Tweet
Score 0/24 Timer 06:00
0 Plays Today
% Correct
Electric Guitar
99.6%
Drum Kit
98.9%
Grand Piano
98.8%
Harp
98.2%
Trumpet
98.1%
Flute
98%
Violin
96.3%
Saxophone
95.2%
Bagpipes
91.5%
Clarinet
90.7%
Pipe Organ
88.3%
Banjo
88.1%
% Correct
Glockenspiel
87.8%
Cello
85.1%
Accordion
85%
Electric Bass Guitar
84.4%
Tambourine
84.2%
Trombone
83.1%
Tuba
82.9%
Bongos
81.5%
Maracas
79.1%
Ukulele
74.1%
Steel Pans
59.3%
Castanets
47.6%

You're not logged in!

Compare scores with friends on all Sporcle quizzes.
OR
Log In

You Might Also Like...

Show Comments

Extras

Top Quizzes Today


Score Distribution

Your Account Isn't Verified!

In order to create a playlist on Sporcle, you need to verify the email address you used during registration. Go to your Sporcle Settings to finish the process.

Report this User

Report this user for behavior that violates our Community Guidelines.

Details: